000 00247nam a2200097Ia 4500
001 789572
005 20250826170421.0
008 250824s9999 xx 000 0 und d
245 0 _aPROJE:ÖLÜMCÜL VİRÜS
_cTESS GERRITSEN
260 _bMARTI YAYINLARI
999 _c789572
_d789572